000 00527nam a2200181Ia 4500
008 240729s9999 xx 000 0 und d
022 _a1875-6883
245 0 _aInternational Journal of Computational Intelligence Systems
260 _aSwitzerland
260 _bSpringer
650 _a Electronic computers. Computer science
650 _a Instruments and machines
650 _a Mathematics
650 _aScience
856 _uhttps://doaj.org/toc/e97729c436134d2bab1fd1c02fc31fd0
942 _2ddc
942 _cDOAJEJ
999 _c73984
_d73984
945 _a1
_bMadushi Gamage
_c1
_dMadushi Gamage